[Event "LSS WC-2013-S-00007"]
[Site "LSS email"]
[Date "2010.07.20"]
[Round "?"]
[White "Gildred, Terrence L Nick"]
[Black "Morin, Stephane"]
[Result "1-0"]
[WhiteElo "2281"]
[BlackElo "1951"]
[PlyCount "43"]
[EventDate "2010.07.25"]
[EventType "tourn (corr)"]
[EventRounds "10"]
[EventCountry "GER"]
[SourceTitle "Telechess CBM 151"]
[Source "ChessBase"]
[SourceDate "2012.11.13"]
[SourceVersion "1"]
[SourceVersionDate "2012.11.13"]
[SourceQuality "1"]

1. d4 Nf6 2. c4 Nc6 3. Nf3 e6 4. Nc3 Bb4 5. Qc2 d6 6. Bd2 0-0 7. a3 Bxc3 8. Bxc3 Re8 9. Rd1 Qe7 10. e3 e5 11. d5 Nb8 12. b4 Bg4 13. Be2 Nbd7 14. 0-0 a5 15. bxa5 Nc5 16. Ne1 Bd7 17. Rb1 Ra7 18. f3 Ba4 19. Qa2 Nfd7 20. e4 Qg5 21. Bd2 Qe7 22. Nd3 1-0

[Event "LSS WC-2013-S-00007"]
[Site "LSS email"]
[Date "2010.07.20"]
[Round "?"]
[White "Gildred, Terrence L Nick"]
[Black "Woelfelschneider, Peter"]
[Result "1/2-1/2"]
[WhiteElo "2281"]
[BlackElo "2220"]
[PlyCount "74"]
[EventDate "2010.07.25"]
[EventType "tourn (corr)"]
[EventRounds "10"]
[EventCountry "GER"]
[SourceTitle "Telechess CBM 151"]
[Source "ChessBase"]
[SourceDate "2012.11.13"]
[SourceVersion "1"]
[SourceVersionDate "2012.11.13"]
[SourceQuality "1"]

1. d4 Nf6 2. c4 e6 3. Nf3 d5 4. Nc3 a6 5. cxd5 exd5 6. Bg5 Be7 7. e3 0-0 8. Bd3 h6 9. Bh4 Be6 10. 0-0 Nbd7 11. Qc2 Rc8 12. Rac1 c5 13. dxc5 Nxc5 14. Nd4 b5 15. Qb1 Nxd3 16. Qxd3 Ng4 17. Bg3 Bd6 18. Nce2 Bxg3 19. Nxg3 Qd6 20. Qd2 Rfe8 21. h3 Nf6 22. Qa5 Ne4 23. Nge2 Bd7 24. Rxc8 Rxc8 25. Rc1 Rc4 26. b3 Rxc1+ 27. Nxc1 Be6 28. Nd3 Kh7 29. f3 Ng3 30. Qb4 Qc7 31. Qc5 Qa5 32. Nb4 Qa3 33. Qc2+ Kg8 34. Qd2 h5 35. Kf2 h4 36. Ndc6 a5 37. Nd3 a4 1/2-1/2

[Event "LSS WC-2011-T-00002"]
[Site "LSS email"]
[Date "2010.06.10"]
[Round "?"]
[White "Baklanov, Valentin Petrovich"]
[Black "Gildred, Terrence L Nick"]
[Result "1-0"]
[WhiteElo "2367"]
[BlackElo "2283"]
[PlyCount "119"]
[EventDate "2010.06.15"]
[EventType "tourn (corr)"]
[EventRounds "10"]
[EventCountry "GER"]
[EventCategory "4"]
[SourceTitle "Corr 2013"]
[Source "ChessBase"]
[SourceDate "2012.11.12"]
[SourceVersion "1"]
[SourceVersionDate "2012.11.12"]
[SourceQuality "1"]
[WhiteTeam "US of America"]
[BlackTeam "US of America"]
[WhiteTeamCountry "USA"]
[BlackTeamCountry "USA"]

1. e4 g6 2. Nf3 Bg7 3. d4 d6 4. Be2 a6 5. 0-0 Nf6 6. Nc3 0-0 7. Re1 Nc6 8. d5 Nb8 9. a4 Bg4 10. a5 Nbd7 11. Be3 c6 12. h3 Bxf3 13. Bxf3 Qc7 14. Qd2 Rfe8 15. dxc6 bxc6 16. b4 Rab8 17. Rab1 c5 18. b5 axb5 19. Nxb5 Qc8 20. Bf4 Rd8 21. Na3 Rxb1 22. Rxb1 Nb8 23. Nc4 Nc6 24. Qd3 Nd4 25. e5 dxe5 26. Bb7 Qe6 27. Rb6 Qd7 28. Bxe5 Qa4 29. Rb1 Qa2 30. Re1 Nd5 31. Bxd4 cxd4 32. a6 Nc7 33. Na3 Ne6 34. Qb3 Qxb3 35. cxb3 d3 36. a7 Nc7 37. Rc1 d2 38. Rd1 Bc3 39. Nc4 f6 40. Ne3 e6 41. Kf1 Kf8 42. Ke2 Ke8 43. Nc2 Ke7 44. b4 f5 45. f4 h6 46. h4 h5 47. Bf3 e5 48. fxe5 Ke6 49. b5 Ba5 50. Ne3 Nxb5 51. Ra1 f4 52. Nd1 Nd4+ 53. Kf1 Bb4 54. a8Q Rxa8 55. Rxa8 Kxe5 56. Ra4 Be7 57. Nb2 Nxf3 58. gxf3 Bxh4 59. Nc4+ Kd4 60. Nxd2+ 1-0

[Event "LSS WC-2011-T-00002"]
[Site "LSS email"]
[Date "2010.06.10"]
[Round "?"]
[White "Dutra Neto, Alfredo Carlos S"]
[Black "Gildred, Terrence L Nick"]
[Result "1/2-1/2"]
[WhiteElo "2414"]
[BlackElo "2283"]
[PlyCount "88"]
[EventDate "2010.06.15"]
[EventType "tourn (corr)"]
[EventRounds "10"]
[EventCountry "GER"]
[EventCategory "4"]
[SourceTitle "Corr 2013"]
[Source "ChessBase"]
[SourceDate "2012.11.12"]
[SourceVersion "1"]
[SourceVersionDate "2012.11.12"]
[SourceQuality "1"]
[WhiteTeam "US of America"]
[BlackTeam "US of America"]
[WhiteTeamCountry "USA"]
[BlackTeamCountry "USA"]

1. d4 Nf6 2. c4 e6 3. Nc3 Bb4 4. e3 0-0 5. Bd3 d5 6. Nf3 c5 7. 0-0 Nc6 8. cxd5 exd5 9. dxc5 Bxc5 10. b3 Bg4 11. h3 Bh5 12. Bb2 a6 13. Be2 Bg6 14. a3 Bb6 15. b4 d4 16. exd4 Bxd4 17. Qb3 Qb8 18. Rad1 Rd8 19. a4 Qc7 20. Qc4 Bb6 21. b5 axb5 22. axb5 Na5 23. Qxc7 Bxc7 24. Nh4 Be5 25. Nxg6 hxg6 26. Rfe1 Rdc8 27. Na4 Bxb2 28. Nxb2 Rc2 29. Nd3 Re8 30. Bf3 Rxe1+ 31. Rxe1 Kf8 32. Ne5 Rc5 33. g4 Kg8 34. h4 Rxb5 35. g5 Ne8 36. Nxg6 Nd6 37. Ne7+ Kf8 38. Nd5 g6 39. Ra1 Nf5 40. Ra4 Kg7 41. Kh2 Nb3 42. Nf6 Ra5 43. Rb4 Nc5 44. Bxb7 Nxb7 1/2-1/2

[Event "LSS WC-2010-T-00005"]
[Site "LSS email"]
[Date "2009.06.12"]
[Round "?"]
[White "Gildred, Terrence L Nick"]
[Black "Bubir, Alex Nikolaevich"]
[Result "0-1"]
[WhiteElo "2348"]
[BlackElo "2455"]
[PlyCount "40"]
[EventDate "2009.06.17"]
[EventType "tourn (corr)"]
[EventRounds "12"]
[EventCountry "GER"]
[SourceTitle "Telechess CBM 137"]
[Source "ChessBase"]
[SourceDate "2010.07.15"]
[SourceVersion "1"]
[SourceVersionDate "2010.07.15"]
[SourceQuality "1"]

1. d4 Nf6 2. c4 e6 3. Nf3 b6 4. g3 Ba6 5. b3 Bb4+ 6. Bd2 Be7 7. Bg2 c6 8. Bc3 d5 9. Ne5 Nfd7 10. Nxd7 Nxd7 11. Nd2 0-0 12. 0-0 Rc8 13. e4 b5 14. Re1 bxc4 15. bxc4 dxc4 16. Qc2 Re8 17. Rad1 Bf8 18. Nf1 Qc7 19. Ne3 Nb6 20. a4 Rcd8 0-1

[Event "LSS WC-2010-T-00005"]
[Site "LSS email"]
[Date "2009.06.12"]
[Round "?"]
[White "Gildred, Terrence L Nick"]
[Black "Pecotic, Kuzma"]
[Result "1/2-1/2"]
[WhiteElo "2318"]
[BlackElo "2122"]
[PlyCount "113"]
[EventDate "2009.06.17"]
[EventType "tourn (corr)"]
[EventRounds "12"]
[EventCountry "GER"]
[SourceTitle "Corr 2013"]
[Source "ChessBase"]
[SourceDate "2012.11.12"]
[SourceVersion "1"]
[SourceVersionDate "2012.11.12"]
[SourceQuality "1"]
[WhiteTeam "US of America"]
[BlackTeam "US of America"]
[WhiteTeamCountry "USA"]
[BlackTeamCountry "USA"]

1. d4 Nf6 2. c4 e6 3. Nc3 Bb4 4. Qc2 0-0 5. a3 Bxc3+ 6. Qxc3 b6 7. Bg5 h6 8. Bh4 Bb7 9. f3 d6 10. e3 Nbd7 11. Nh3 Rc8 12. Nf2 c5 13. Ng4 Re8 14. 0-0-0 Nd5 15. Qe1 Qc7 16. Kb1 Ne7 17. Bxe7 Rxe7 18. Qg3 f5 19. Nxh6+ Kf8 20. Qh4 gxh6 21. Qxh6+ Kg8 22. Qg6+ Kh8 23. Qh6+ Rh7 24. Qxe6 Rf8 25. Bd3 Rf6 26. Qe8+ Kg7 27. Qe7+ Kh6 28. Qe8 Qb8 29. Qxb8 Nxb8 30. Rhg1 Rg7 31. Bc2 Nc6 32. g4 fxg4 33. fxg4 cxd4 34. h4 Rf2 35. exd4 Rf4 36. g5+ Kh5 37. Rdf1 Rxf1+ 38. Rxf1 Kxh4 39. g6 Kg5 40. Rg1+ Kf6 41. Rf1+ Ke7 42. Rf4 Ba6 43. b3 Bc8 44. b4 Bd7 45. Kb2 Be8 46. Re4+ Kd7 47. Rxe8 Kxe8 48. Ba4 Rxg6 49. d5 Rg2+ 50. Kc3 Kd8 51. dxc6 Rg3+ 52. Kb2 a5 53. Bc2 Kc8 54. b5 Kc7 55. a4 Kb8 56. Bf5 Re3 57. Bd7 1/2-1/2